000 00874cam a2200265 i 4500
001 49509
003 Mx-PuUPA
005 20250205074833.0
008 140415s2003 sp ad gr 000 0 spa d
017 _aM. 41.957-2002
020 _a847978542X
040 _aMx-PuUPA
_bspa
_cMx-PuUPA
_dMx-PuUPA
_erda
041 0 _aspa
100 1 _aValhondo, Domingo,
_eautor
245 1 0 _aGestión del conocimiento :
_bdel mito a la realidad /
_cDomingo Valhondo
264 1 _aMadrid :
_bEdiciones Díaz de Santos,
_c2003
300 _ax, 378 páginas :
_bilustraciones, diagramas (en blanco y negro) ;
_c24 cm
336 _2rdacontent
_atexto
_btxt
337 _2rdamedia
_asin medio
_bn
338 _2rdacarrier
_avolumen
_bnc
650 7 _2armarc
_aConocimiento
_xAdministración
942 _2ddc
_cLI
_h658.15
_iV35
999 _c49509
_d49509